CONSUMER BEHAVIOUR IN INDIAN PERSPECTIVE (Record no. 8505)

MARC details
000 -LEADER
fixed length control field 00320nam a22001337a 4500
005 - DATE AND TIME OF LATEST TRANSACTION
control field 20240130115106.0
008 - FIXED-LENGTH DATA ELEMENTS--GENERAL INFORMATION
fixed length control field 240130b |||||||| |||| 00| 0 eng d
020 ## - INTERNATIONAL STANDARD BOOK NUMBER
ISBN 81-7866-783-5
041 ## - LANGUAGE CODE
Language code of text/sound track or separate title eng
100 ## - MAIN ENTRY--AUTHOR NAME
Personal name NAIR, SUJA R.
245 ## - TITLE STATEMENT
Title CONSUMER BEHAVIOUR IN INDIAN PERSPECTIVE
300 ## - PHYSICAL DESCRIPTION
Number of Pages 548;P
942 ## - ADDED ENTRY ELEMENTS (KOHA)
Koha item type Books
Holdings
Lost status Damaged status Home library Current library Date acquired Source of acquisition Accession Number Koha item type
    JRU Library JRU Library 25/01/2020 DONATION 23608 Books